Didaktika cvičnej firmy stojí pred novými úlohami

Certifikácia cvičných firiem na získanie medzinárodne platného certifikátu kvality. Nedostatky vo fungovaní cvičných firiem na stredných odborných školách. Podceňovanie rozhodovacích procesov v cvičnej firme. Stagnácia cvičnej firmy. Zrušenie a zánik cvičnej firmy.

Gespeichert in:
Bibliographische Detailangaben
1. Verfasser: Velichová, Ľudmila
Format: Buchkapitel
Sprache:Slowakisch
Schlagworte:
Tags: Tag hinzufügen
Keine Tags, Fügen Sie das erste Tag hinzu!

MARC

LEADER 00000naa$a2200000$$$4500
001 0075949
005 20240502071905.0
041 0 |a slo 
044 |a SK 
245 1 0 |a Didaktika cvičnej firmy stojí pred novými úlohami  |c Ľudmila Velichová 
520 |a Certifikácia cvičných firiem na získanie medzinárodne platného certifikátu kvality. Nedostatky vo fungovaní cvičných firiem na stredných odborných školách. Podceňovanie rozhodovacích procesov v cvičnej firme. Stagnácia cvičnej firmy. Zrušenie a zánik cvičnej firmy. 
610 2 0 |a vzdelávanie 
610 2 0 |a školy stredné odborné 
610 2 0 |a predmety učebné 
610 2 0 |a pedagogika 
610 2 0 |a didaktika 
610 2 0 |a certifikácia 
100 1 |a Velichová, Ľudmila